| Record ID | ia:pilotfliesherpla0000thom |
| Source | Internet Archive |
| Download MARC XML | https://archive.org/download/pilotfliesherpla0000thom/pilotfliesherpla0000thom_marc.xml |
| Download MARC binary | https://www.archive.org/download/pilotfliesherpla0000thom/pilotfliesherpla0000thom_meta.mrc |
LEADER: 03016cam 2200697Ia 4500
001 ocn804890870
003 OCoLC
005 20191109040149.0
008 120806s2006 ohua ao 000 1 eng d
006 m o d
007 cr cnu---unuuu
040 $aTEFOD$beng$epn$cTEFOD$dN$T$dOCLCQ$dOCLCF$dOCLCO$dEBLCP$dDEBSZ$dOCLCQ$dTEFOD$dOCLCQ$dOCLCO$dOCLCQ$dOCLCO$dOCLCQ
019 $a895433782
020 $a9781599228488$q(electronic bk.)
020 $a1599228483$q(electronic bk.)
020 $z0769645836
020 $z9780769645834
035 $a(OCoLC)804890870$z(OCoLC)895433782
037 $a75157005-56F8-4998-AC97-47D3D0D16BC8$bOverDrive, Inc.$nhttp://www.overdrive.com
050 4 $aPZ7.T466$bPi 2006eb
072 7 $aJUV$x000000$2bisacsh
082 04 $a[E]$223
100 1 $aThompson, Kim Mitzo.
245 12 $aA pilot flies her plane /$c[written by Kim Mitzo Thompson, Karen Mitzo Hilderbrand ; illustrated by Ron Kauffman].
260 $aColumbus, Ohio :$bSchool Specialty/Twin Sisters,$c℗♭2006.
300 $a1 online resource :$bcolor illustrations
336 $atext$btxt$2rdacontent
337 $acomputer$bc$2rdamedia
338 $aonline resource$bcr$2rdacarrier
500 $aCover title.
500 $aSome online versions lack accompanying media packaged with the printed version.
520 $aA pilot flies her plane, a firefighter drives a truck, a captain pilots a boat, and so forth.
588 0 $aPrint version record.
650 0 $aAir pilots$vJuvenile fiction.
650 0 $aShip captains$vJuvenile fiction.
650 0 $aFire fighters$vJuvenile fiction.
650 0 $aPlay$vJuvenile fiction.
650 1 $aAir pilots$vFiction.
650 1 $aShip captains$vFiction.
650 1 $aFire fighters$vFiction.
650 1 $aPlay$vFiction.
650 7 $aJUVENILE FICTION$xGeneral.$2bisacsh
650 7 $aAir pilots.$2fast$0(OCoLC)fst00802420
650 7 $aFire fighters.$2fast$0(OCoLC)fst00925379
650 7 $aPlay.$2fast$0(OCoLC)fst01066938
650 7 $aShip captains.$2fast$0(OCoLC)fst01116147
655 4 $aElectronic books.
655 7 $aFiction.$2fast$0(OCoLC)fst01423787
655 7 $aJuvenile works.$2fast$0(OCoLC)fst01411637
700 1 $aHilderbrand, Karen Mitzo.
700 1 $aKauffman, Ron,$eillustrator.
776 08 $iPrint version:$aThompson, Kim Mitzo.$tPilot flies her plane.$dColumbus, Ohio : School Specialty, ℗♭2006$z0769645836$w(OCoLC)65287691
856 40 $3EBSCOhost$uhttp://search.ebscohost.com/login.aspx?direct=true&scope=site&db=nlebk&db=nlabk&AN=474825
856 40 $3OverDrive$uhttps://www.overdrive.com/search?q=75157005-56F8-4998-AC97-47D3D0D16BC8
856 4 $3Image$uhttp://images.contentreserve.com/ImageType-100/0916-1/{75157005-56F8-4998-AC97-47D3D0D16BC8}Img100.jpg
938 $aProQuest Ebook Central$bEBLB$nEBL1837008
938 $aEBSCOhost$bEBSC$n474825
029 1 $aDEBSZ$b422933600
029 1 $aDEBSZ$b452535034
994 $aZ0$bP4A
948 $hNO HOLDINGS IN P4A - 142 OTHER HOLDINGS